000 00551nam a2200181Ia 4500
005 20250326123432.0
008 250326s9999 xx 000 0 und d
037 _aTextbook
040 _aFMSL
_beng
_cFMSL
041 _aeng
_2eng
084 _aX.44 P4
_qFMSL
100 _aAhluwalia I J
_9735134
245 0 _aIndia's economic reforms and development : essays for Manmohan Singh
_cAhluwalia I J; Little I M D
260 _aDelhi
_bDelhi, Oxford Unversity
_c2004
300 _a414p
942 _cTB
_hX.44 P4
999 _c1269353
_d1269353